[Event "Turnier 40 / 120"]
[Site "DESKTOP-NL3KVDB"]
[Date "2023.04.21"]
[Round "6"]
[White "Mephisto Phönix TM Vancouver - 36 MHZ"]
[Black "Millenium Chess Genius Pro - 120 MHZ"]
[Result "1-0"]
[BlackElo "2284"]
[WhiteElo "2287"]

{Analyse -----> Komodo 14.1.} 1. e4 e6 2. d4 d5 3. Nd2 Be7 4. Ngf3 Nf6 5.
e5 Nfd7 6. Bd3 c5 7. c3 Nc6 8. O-O Qb6 9. dxc5 Nxc5 {Buchende} 10. Bc2
{Buchende} O-O {Buchbewertung MCGP: 0,00} 11. Nb3 {Buchbewertung TM
Vancouver: +0,21 / lt. Komodo steht Weiss klar besser mit ca. +1,00} f5?
{ein ganz schwacher Zug, danach steht Weiss bereits auf Gewinn, Komodo
-2,00, nötig war Se4} 12. exf6 Rxf6 13. Be3 {TM Vancouver: +0,51 erkennt
hier aber natürlich noch nicht den klaren Gewinn so wie Komodo +2,10; für
einen Oldie ist diese Stellung natürlich noch weit entfernt von einem
Gewinn man kann es ihm aber nicht verübeln, denn auch schwächere Engines
wie z.B. Rybka 2.3. sehen im 20. HZ erst einen Vorteil von ca. +0,70 für
Weiss, also wie soll das dann ein Oldie sehen ?, einfache Antwort: gar
nicht !} h6 {MCGP: -0,40} 14. Re1 Bd6?? {das muss man bereits als
Verlustzug bewerten, Komodo -2,70, deutlich besser ist entweder Ld7 oder
a5} 15. c4! {TM Vancouver macht den richtigen Zug, allerdings nur mit einer
Bewertung von +0,45} Nb4 16. Nxc5? {und so schnell geht es, schon ist der
Vorteil von Weiss halbiert, Komodo +1,50, nötig war cxd5} Bxc5 17. Bb3 Bxe3
18. Rxe3 dxc4 19. Bxc4 Nd5??? {ein absoluter Verlustzug, danach ist die
Partie sofort verloren, Komodo -5,00 !!, nötig war Sc6 mit ca. -1,50} 20.
Bxd5 exd5 21. Qxd5+??? {ein absoluter Horrorzug !!!, der den sofortigen
Gewinn, verpasst und ca. 4,3 Bauerneinheiten !!! einbüsst, Komodo +0,80,
sofort gewonnen hätte Te8+, (MCGP hatte den richtigen Zug vorgeschlagen),
alles was Weiss jetzt noch hat ist der mikrige Mehrbauer, damit geht es
praktisch zurück in die Startlöcher, nach diesem Zug ist wieder alles
möglich, der Vorteil ist nur noch minimal} Be6 22. Qd4 Qxd4 23. Nxd4 Bc4
{weniger gut, wird ja sofort angegriffen, besser ist Lf7, Komodo -1,00} 24.
Rc3 {besser ist b3} Bf7 25. b3 Rd8 26. Rd3 Kh7 27. f3 Rfd6 28. Rad1 {nach
mehreren kleineren Ungenauigkeiten steht Weiss nur noch knapp besser mit
ca. +0,50} b6 {besser ist a5, Komodo -0,80} 29. R3d2 Kg6 {immer noch war a5
vorzuziehen, Komodo -1,20} 30. f4 Kh5 31. Kf2 Rd5 32. g3? {ein schlechter
Zug, der den Vorteil von Weiss deutlich reduziert, deutlich besser ist h3,
Komodo +0,70} R5d7? {ein ganz schlechter Zug, der den Nachteil von Schwarz
gleich verdoppelt, Komodo -1,40, nötig war Le6} 33. Nf3??? {so aber nicht,
danach ist ein Grossteil des Vorteiles dahin, nötig war entweder h3 oder
Ke3, beides gewinnt, Komodo +0,60} Rxd2+ 34. Rxd2 Rxd2+ 35. Nxd2 Kg4 36. h4
Kf5 37. Ke3 {die Stellung ist im Lot, Komodo 0,00} Kg4 38. Nf1 Be6 39. Kf2
Kf5 40. Kf3 Bd5+ 41. Ke3 Be6 42. Nh2 h5 43. Nf3 Kg4 44. Kf2 a5 45. Nd4 Bf7
46. Nc2 Kf5 47. a3??? {so und jetzt kommt sogar noch der Verlustzug von
Weiss, danach ist die Partie bereits verloren, Komodo -1,50 / Stockfish 15
schätzt es nach wenigen Sekunden bereits mit -3,00 ein} Ke4 48. b4 Kd3???
{verschenkt den Sieg, gewonnen hätte a4} 49. Ne3 axb4 50. axb4 Kc3 51. b5
Kb4 52. g4 hxg4 53. Kg3 Kxb5 54. Nf5 Ka4 55. Nxg7 b5 56. h5 b4 57. h6 Bg8
58. Ne6 Bh7??? {ein absoluter Verlustzug, danach ist die Partie sofort
verloren, das Remis gesichert hätte Kb5, Komodo -2,00} 59. Kxg4 b3???
{einfach absurd, gibt den letzten Trumpf aus der Hand, danach ist alles
sofort aus, Komodo Matt in 25 !!} 60. Nc5+ Kb5 61. Nxb3 Kc6 62. Kg5 Kd5 63.
f5 Ke5 64. Nd4 Kxd4 65. f6 {Rest geschenkt, Matt in 15} 1-0
[/pgn]
[pgn]

[Event "Turnier 40 / 120"]
[Site "DESKTOP-NL3KVDB"]
[Date "2023.04.23"]
[Round "7"]
[White "Millenium Chess Genius Pro - 120 MHZ"]
[Black "Mephisto Phönix TM Vancouver - 36 MHZ"]
[Result "1/2-1/2"]
[BlackElo "2287"]
[WhiteElo "2284"]

{Analyse ----> Komodo 14.1.} 1. e4 e5 2. Bc4 Nf6 3. d4 exd4 4. Nf3 Nxe4 5.
Qxd4 Nf6 6. Bg5 {Buchende} Be7 7. Nc3 {Buchbewertung MCGP: -0,18} c6
{Buchende} 8. Bd3? {ein schlechter Zug, danach steht Schwarz bereits klar
besser und Weiss hat praktisch gar nichts für den geopferten Bauern, Komodo
-1,20, nötig war 0-0 mit Ausgleich} O-O {ein ganz schlechter Zug, der
jeglichen Vorteil verspielt, danach hat Weiss bereits eine Remismöglichkeit
mit Dh4, h6, Lxh6 und es ist Remis} 9. O-O {gleichwertig mit Dh4 auch
danach ist die Stellung exakt im Lot, Komodo 0,00} d5 10. Rfe1 Be6? {ein
ganz schlechter Zug, danach steht Weiss bereits klar besser, Komodo -1,00
mit der Fortsetzung Dh4} 11. Bc1??? {da fehlen mir einfach die passenden
Worte, ein unglaublicher Zug, bei dem man mehrmals hinsehen muss, um das zu
glauben, ein absolut unverständlicher Verlustzug, was um Gottes willen soll
dieser Schwachsinn bringen ?, danach sind die Vorzeichen umgekehrt, büsst
ganze 3 Bauerneinheiten !!! ein, danach ist die Partie bereits verloren,
Komodo -2,00 mit der Fortsetzung c5, hier braucht man gar nicht versuchen,
eine Erklärung zu finden, für mich ein klarer PROGRAMMFEHLER !!!} h6? {TM
Vancouver verwirft im allerletzten Moment nach über 14 Minuten Bedenkzeit
!! noch den Gewinnzug c5, wegen einer minimalen Bewertungsdifferenz von
+0,03, zuvor hatte er Ewig c5 mit +0,90 als besten Zug, dann sieht er den
Textzug mit +0,93, das ist auch etwas Pech, danach ist Schwarz noch mit ca.
+1,00 im Vorteil, allerdings wird MCGP die richtige Fortsetzung nicht
sehen, denn es ist 12. Lxh6 !!} 12. Na4? {ein Verlustzug, danach ist die
Partie wieder klar verloren, Komodo -2,00, allerdings Lxh6 ist natürlich
eine zu harte Nuss, das muss man schon sagen.} Nbd7 13. Qf4 Nc5? {deutlich
schwächer als Sh5, Komodo +1,30} 14. Nxc5 Bxc5 15. Be3 Bd6 16. Qh4 c5???
{ein grottenschlechter Zug, der den Sieg verschenkt, danach ist die Partie
bereits Remis, nach 17. Lxh6 !!! kommt Schwarz nicht mehr aus dem Schach,
nötig war Te8 oder Se4 mit klarem Vorteil für Schwarz} 17. Bf4??? {anstatt
das Remis einzusacken bietet MCGP den starken Angriffsläufer zum Abtausch
an, danach ist die Partie wieder klar verloren, Komodo -1,50, also hier war
Lxh6 durchaus machbar, jede x-beliebige schwächere Engine sieht das nach
Sekunden, egal welche} c4 18. Bxd6 Qxd6 19. Be2 Bf5 20. c3 Qc7 21. Nd4 Be4
22. Rad1 Rfe8 23. Rf1?? {völlig unerklärlich, der Turm verlässt die offene
Linie und versteckt sich hinter dem Bauern, was bitte soll das bringen ?,
Komodo -1,90, deutlich besser ist f3} Bg6 24. Bf3?? {deutlich besser ist
noch f4, nach dem Textzug ist die Partie bereits klar verloren, Komodo
-3,00} Re5? {weit schwächer als Ld3, Komodo +2,00} 25. Qg3 Qe7 26. Kh1 Re8
27. Qf4? {ein schwacher Zug, deutlich besser ist Tg1, Komodo -3,30} Bd3 28.
Rg1 Ne4??? {ein ganz schlechter Zug der den Gewinn enorm erschwert und den
Vorteil von Schwarz halbiert, Komodo +1,70, na klar danach ist natürlich
der Springer d4 eine Grossmacht, die von dort nie wieder zu vertreiben ist,
bereits klar gewonnen hätte g5 mit +3,30} 29. Bxe4 Rxe4 30. Qg3 Qe5? {ganz
schwach, erschwert neuerlich deutlich den Gewinn, Komodo "nur" noch +1,10
für Schwarz, deutlich besser ist Te5} 31. Qxe5 R4xe5 32. h3 h5 33. Rd2 b6
34. Kh2 Kf8 {nicht optimal, besser ist h4, Komodo +0,80} 35. Kg3 Re4 36. h4
Rg4+ 37. Kh3 Rg6? {ein schlechter Zug, danach ist praktisch schon der
gesamte Vorteil dahin, Komodo +0,20, deutlich besser ist T8e4} 38. Rgd1
{besser ist f3, Komodo -0,60} a5 39. g3 Re7 40. Kh2 Re5 41. Kh3 Kg8 42. Kh2
Re8 43. Kh3 Rd6 44. Kg2 Re5 45. f4 {weniger gut, besser ist b3, Komodo
-0,80} Re3 46. Kf2 Re8 47. Nf3 {nicht optimal besser ist immer noch b3,
Komodo -1,10} Rde6 48. Ne5 Be4 49. Re1 f6 50. Nf3 R6e7 {nicht optimal
besser ist b5, Komodo +1,00} 51. Nd4 Bd3? {ein schlechter Zug, der den
Vorteil von Schwarz halbiert, Komodo +0,50, deutlich besser ist g5} 52.
Rxe7 Rxe7 53. b3 Kh7 54. bxc4 dxc4? {verspielt den letzten Rest des kleinen
Vorteiles, danach ist die Stellung bereits im Lot, besser ist Lxc4 mit ca.
+0,50} 55. Rb2 Rb7 56. Rb5 Bg6 57. Rb2 Bf7 58. Nf5 Rd7 59. Rxb6 Rd2+ 60.
Ke1 Rxa2 61. Rb7 Kg6 62. Ne7+ Kh6 63. Nf5+ Kg6 64. Ne7+ Kh7 65. Nf5 Kg8 66.
Rb8+ Kh7 67. Rb7 {Stellungswiederholung} 1/2-1/2
[/pgn]
[pgn]

[Event "Turnier 40 / 120"]
[Site "DESKTOP-NL3KVDB"]
[Date "2023.04.24"]
[Round "8"]
[White "Mephisto Phönix TM Vancouver - 36 MHZ"]
[Black "Millenium Chess Genius Pro - 120 MHZ"]
[Result "1-0"]
[BlackElo "2284"]
[WhiteElo "2287"]

{Analyse -----> Komodo 14.1.} 1. e4 c6 2. d4 d5 3. e5 {Buchende} c5 4. dxc5
{Buchbewertung TM Vancouver: +0,51} e6 5. Be3 Nh6 {Buchende} 6. Bxh6 gxh6
{Buchbewertung MCGP: -0,64 / lt. Komodo steht Weiss knapp besser mit ca.
+0,40} 7. Nd2 Rg8 8. Nb3 Nd7 9. Nf3 Qc7 10. Qd4 Nxc5 11. Nxc5 {nicht
optimal, besser ist c3, nach dem Textzug ist die Stellung exakt im Lot,
Komodo 0,00} Bxc5 12. Qd3 Qb6 13. Qb5+ Qxb5 14. Bxb5+ Bd7 15. Bxd7+ Kxd7
16. g3 Rg4 17. Rd1 Rb4 18. Rb1 Ra4 19. a3 Rg8 20. Rd1 Re4+ 21. Kf1 h5 22.
c3 Rgg4 23. h3 Rg8 24. Re1 Ra4 25. Re2 Rc4 26. Nd2 Ra4 27. h4 Be7 28. Re3
Rag4 29. Rf3 R8g7 30. Ke2 a5 31. Re1 a4 32. Kf1 Kc6 33. Rd3 b5 34. Nf3 Kc5
35. Nd4 Kc4 36. Rf3 Bd8 37. Ne2 Re4 38. Nf4 Rg4 39. Rd1 h6 40. Nxh5 Rxe5
41. Nf6 Bxf6 42. Rxf6 Kb3 43. Rd2 Rf5 44. Rxf5 exf5 45. Rxd5 Kxb2 46. Rxf5
Kxa3 47. Rxb5 Ka2 48. Ke2 a3 49. Rb7 Rg6 50. c4 Ka1 51. Kd3 Rf6 52. Ke3 a2
53. c5 h5 54. Rb6 Rf5 55. c6 Rd5??? {bis zum diesem Zeitpunkt eine perfekte
Partie beider Geräte, wo die Stellung stets im Lot war, das ist allerdings
ein absoluter Verlustzug, danach ist die Partie sofort verloren, Komodo
-5,00} 56. c7??? {wirft den Sieg wieder hin, danach ist die Partie wieder
Remis, gewonnen hätte 56. g4 !} Rc5 57. Rb7 Rc3+??? {ein Katastrophenzug,
danach ist sofort alles aus, Komodo -19,00, Remis hätte f5 !! gesichert}
58. Kd4 Rc1 59. g4! {natürlich bringt einen 2. Freibauern und beide
gleichzeitig kann der Turm nicht stoppen, Komodo Matt in 16 !} hxg4 60. h5
Rxc7 61. Rxc7 {Rest geschenkt} 1-0
[/pgn]
[pgn]

[Event "Turnier 40 / 120"]
[Site "DESKTOP-NL3KVDB"]
[Date "2023.04.25"]
[Round "9"]
[White "Millenium Chess Genius Pro - 120 MHZ"]
[Black "Mephisto Phönix TM Vancouver - 36 MHZ"]
[Result "1/2-1/2"]
[BlackElo "2287"]
[WhiteElo "2284"]

{Analyse ----> Komodo 14.1.} 1. Nf3 d5 2. g3 c6 3. c4 Nf6 4. Bg2 dxc4 5.
O-O Nbd7 6. Qc2 {Buchende} Nb6 {Buchende} 7. Ne5 {Buchbewertung MCGP:
-0,17} Bg4 {Buchbewertung TM Vancouver: +0,30 / gleich der 1. berechnete
Zug ist nicht ideal, deutlich besser ist Dc7 mit Ausgleich, nach dem
Textzug steht Weiss etwas besser mit ca. +0,60 lt. Komodo} 8. Nxg4 Nxg4 9.
b3 {kein schlechter Zug, mir persönlich gefällt das aber weniger, denn
Tatsache ist, danach behält Schwarz den Mehrbauern, lt. Komodo steht Weiss
trotzdem noch etwas besser mit ca. +0,50, etwas besser aber auch nur um ca.
0,1 Bauerneinheiten war a4, danach ist der C-Bauer für Schwarz auf Dauer
nicht zu halten} cxb3 10. Qxb3 e5 11. Bb2 Bd6 12. h3 {besser ist a4, nach
dem Textzug ist die Stellung etwa gleich} Nf6 13. d3 O-O 14. Nd2 Qe7 15.
Rfc1 Rfe8 16. Rc2 Qe6 17. Nc4 Nxc4 18. Rxc4 Re7 19. Rac1 Rd7 20. Kf1 {nach
kleineren Ungenauigkeiten seitens Weiss hat der Mehrbauer von Schwarz an
Wert gewonnen und Schwarz steht bereits etwas besser, Komodo +0,70} Bc7 {so
allerdings nicht, Vorteil hätte entweder Sd5 oder a5 versprochen, nach dem
Textzug ist die Stellung wieder im Lot} 21. Rb4! {richtig} Qxb3 22. Rxb3
Bd6 23. a4 Rc8 24. a5 Rdc7 25. Rb1 Nd7 26. Bc1 b5 27. axb6 axb6 28. Be3 b5
29. R3b2 Bc5 30. Bd2 Bb6 31. Ra2 g6 32. Bf3 Kg7 33. Rc2 f6 34. h4 Nf8 35.
Rbc1 c5 36. Rb2 b4 37. Ra2 Ne6 38. Ra6 Rb8 39. h5 {ein schwacher Zug,
danach steht Schwarz klar besser, Komodo -1,00, deutlich besser ist Ld5}
Nd4? {ein schwacher Zug, der einen Grossteil des Vorteiles verspielt,
Komodo +0,30, nötig war Td7, um Ld5 zu verhindern} 40. h6+ Kf8 41. Bd5 {na
klar} Rd7 {jetzt bringt das nichts mehr, etwas besser ist noch Ta7, nach
dem Textzug ist jeglicher Vorteil dahin, Komodo 0,00} 42. Bc4 f5 43. Rca1
Bc7 {nicht optimal, danach steht Weiss schon etwas besser, Komodo -0,50,
besser ist Ke7 mit Ausgleich} 44. Bg5! Ke8 45. e3 {leichten Vorteil
versprach Lf6, nach dem Textzug ist die Partie Remis mit folgender
Stellungswiederholung} Nf3 46. Re6+ Kf8 47. Rf6+ Ke8 48. Re6+ Kf8 49. Rf6+
Ke8 50. Re6+ {Stellungswiederholung} 1/2-1/2
[/pgn]
[pgn]

[Event "Turnier 40 / 120"]
[Site "DESKTOP-NL3KVDB"]
[Date "2023.04.25"]
[Round "10"]
[White "Mephisto Phönix TM Vancouver - 36 MHZ"]
[Black "Millenium Chess Genius Pro - 120 MHZ"]
[Result "1/2-1/2"]
[BlackElo "2284"]
[WhiteElo "2287"]

{Analyse ----> Komodo 14.1.} 1. e4 e6 2. d4 d5 3. Nc3 Nf6 4. Bg5 Bb4 5. e5
h6 6. exf6 hxg5 7. fxg7 Rg8 8. h4 gxh4 9. Qg4 Qf6 {Buchende} 10. Rxh4
{Buchende} Rxg7 {Buchbewertung MCGP: +0,37} 11. Rh8+ {Buchbewertung TM
Vancouver: -0,30 / lt. Komodo ist die Stellung etwa gleich} Kd7 12. Qh4
{nicht optimal besser ist Dh3, Komodo -0,40} Bxc3+ {besser ist Dxh4, die
Stellung ist wieder im Lot} 13. bxc3 Qxh4 14. Rxh4 b6 15. Nf3 Kd6 16. g3 c5
17. c4 Bb7 18. dxc5+ bxc5 19. cxd5 Bxd5 20. Nd2 {besser ist 0-0-0} Nd7 21.
c4 Bc6 22. Be2 Rb8 23. Nb3 Rb4 24. Rd1+ Kc7 25. Rh5 Ba4 26. Rd3 e5 27. Nd2
f6 28. Ra3 Kb8? {ein schwacher Zug, danach steht Weiss besser, Komodo
-1,00, deutlich besser ist a5} 29. Bd3 Rg8 30. Ne4? {ein schwacher Zug, der
den Grossteil des Vorteiles wieder verspielt, deutlich besser ist Th6,
Komodo +0,40} Bc6 31. Rh6 Rf8 32. Rb3 a5 33. Kd2 Bxe4 34. Bxe4 {die
Stellung ist im Lot, Komodo 0,00} Nb6 35. Bd3 Kc7 36. Kc3 Kd6 {nicht ideal,
besser ist f5 mit Ausgleich, Komodo -0,50} 37. a3 Rxb3+ 38. Kxb3 Ke7 {nicht
optimal, besser ist a4+, Komodo -1,00} 39. Bf5 Rf7 {besser ist Tb8, Weiss
steht bereits klar besser, Komodo -1,40} 40. g4 Rf8 41. Rh1! {stark, die
beste Fortsetzung} Rf7 42. Rb1! Rf8 43. Kc3 Rb8 44. Kc2 Kd6 45. Rb5 a4 46.
Kc1 Kc6 47. Bc2 Rc8 48. Be4+ Kc7 49. Rxc5+?? {ein ganz schlechter Zug, der
einen Grossteil des Vorteiles verspielt, Komodo nur noch +0,50 für Weiss,
gewonnen hätte hier bereits Kc2 mit +2,50} Kd6 50. Rxc8 Nxc8 51. Kd2 Kc5
52. Kc3 Nb6 53. Bd3 Nc8 54. f3 Nd6 55. Bf1 Nb7 56. Be2 Na5 57. Bd3 Nc6 58.
Bf5 Nd4 59. Be4 {Das ist nicht mehr zu gewinnen, Weiss hat keine Figur mehr
um den schwarzen König zu vertreiben, der Mehrbauer ist also dauerhaft
blockiert, Userentscheid: Remis} 1/2-1/2
[/pgn]
[pgn]

[Event "Turnier 40 / 120"]
[Site "DESKTOP-NL3KVDB"]
[Date "2023.04.26"]
[Round "11"]
[White "Millenium Chess Genius Pro - 120 MHZ"]
[Black "Mephisto Phönix TM Vancouver - 36 MHZ"]
[Result "1/2-1/2"]
[BlackElo "2287"]
[WhiteElo "2284"]

{Analyse ----> Komodo 14.1.} 1. e4 Nf6 2. e5 Nd5 3. Nf3 d6 4. d4 Nc6 5. c4
Nb6 6. e6 fxe6 {Buchende} 7. Be3 g6 {Buchbewertung TM Vancouver: +0,12} 8.
d5 {Buchbewertung MCGP: -0,26 / lt. Komodo steht Weiss knapp besser mit ca.
+0,30, der 1. berechnete Zug ist nicht optimal, nach Sc3 wäre Weiss schon
klar besser gestanden mit ca. +0,80} Bg7??? {ein absoluter Verlustzug,
danach ist die Partie bereits verloren, Komodo -2,00, nötig war Sb4 und
alles ist in Ordnung für Schwarz} 9. dxc6 Bxb2 10. Nbd2 Bxa1 11. Qxa1 e5
{die Stellung ist klar verloren für Schwarz, allerdings muss man fast schon
wie immer dazu sagen, lt. Komodo 14.1., nach Meinung der beiden Geräte ist
die Stellung ausgeglichen sie erkennen da noch keinen Vorteil für Weiss,
rein materiell ist ja sogar Schwarz mit Turm +2 Bauern um einen Punkt vorne
gegenüber Springer + Läufer / Komodo +2,00 für Weiss} 12. cxb7 Bxb7 13.
Qb2? {weit schwächer als c5, Komodo +1,40} c5 14. Bh6 Bc6 {besser ist Tb8,
Komodo -1,90} 15. Bd3 Na4 16. Qc2 Qc7 17. O-O Rb8 18. Ng5 Rb2 19. Bxg6+??
{ein schlechter Zug, aber die beiden Geräte sehen hier ein Remis und
bewerten es mit 0,00, nach Dd1 wäre Weiss bereits mit ca. +2,50 im Vorteil
gewesen, aber auch nach dem Textzug ist es kein Remis, Komodo +1,20 für
Weiss (halbiert allerdings den Vorteil)} hxg6 20. Qxg6+ Kd7 21. Qf5+ Ke8
22. Qg6+? {Df7+ mit klarem Vorteil für Weiss mit ca. +1,50, die beiden
Geräte sehen das aber nicht und einigen sich in der Folge auf ein Remis
durch Stellungswiederholung.} Kd7 23. Qf5+ Ke8 24. Qg6+ Kd7
{Stellungswiederholung} 1/2-1/2
[/pgn]
[pgn]

[Event "Turnier 40 / 120"]
[Site "DESKTOP-NL3KVDB"]
[Date "2023.04.27"]
[Round "12"]
[White "Mephisto Phönix TM Vancouver - 36 MHZ"]
[Black "Millenium Chess Genius Pro - 120 MHZ"]
[Result "1-0"]
[BlackElo "2284"]
[WhiteElo "2287"]

{Analyse -----> Komodo 14.1.} 1. d4 d5 2. c4 dxc4 3. e4 Nf6 4. Nc3 e5 5.
Nf3 exd4 6. Qxd4 Qxd4 7. Nxd4 {Buchende} Bc5 {Buchende} 8. Be3
{Buchbewertung TM Vancouver: -0,21} a6 {Buchbewertung MCGP: +0,21 / lt.
Komodo steht Weiss knapp besser mit ca. +0,20} 9. Bxc4 Ng4 10. O-O O-O 11.
Nf5 {nicht ideal, besser ist Sd5 mit Ausgleich, Komodo -0,50} Nxe3 12. Nxe3
Nd7 13. Rad1 Ne5 14. Rd5? {ein schwacher Zug, danach steht Schwarz bereits
klar besser, Komodo -1,30, nötig war Le2 mit ca. -0,70} Nxc4?? {ein ganz
schlechter Zug, der nahezu den gesamten Vorteil verspielt, Komodo +0,20,
nötig war Lxe3} 15. Nxc4 Ba7 16. Rd2 Be6 17. b3 Rad8 18. Rfd1 Rxd2 19. Rxd2
f6 20. Kf1 c6 21. Ke2 Bc5 22. f3 Bb4 23. Rd3 g5 24. Nd6 Rb8 25. g3 Kg7 26.
f4 Bh3 27. Kd2 h5 28. Kc2 Bg4 29. a4 gxf4 30. gxf4 Kg6 31. Na2 Bxd6 32.
Rxd6 Kf7 {besser ist a5 mit Ausgleich, Komodo -0,50} 33. f5 Ke7 34. Re6+
Kf7 35. Nc1 Re8??? {ein absoluter Verlustzug, danach ist die Partie klar
verloren, Komodo -3,50, nötig war a5 mit ca. -0,40} 36. Rxe8 Kxe8 37. a5!
{der richtige Zug, allerdings ist TM Vancouver weit davon entfernt hier
schon einen Gewinn zu sehen, Bewertung: +0,18 / Komodo +3,50} Bf3 {MCGP:
-0,50 sieht sich auch nur knapp im Nachteil} 38. Kd3 Bd1 39. b4 Ba4 {MCGP
fällt deutlich an dieser Stelle: Berwertung -1,03 / Komodo -5,00} 40. Kd4
{TM Vancouver: +0,84} Bc2 41. Ne2 Bd1 42. Nf4 h4 43. Ne6 Kd7 44. e5 Ke7 45.
Ke4 Bc2+ 46. Kf4 {Komodo +7,00} Bd3 47. Nc5 Be2 48. e6 Bh5 49. Nxb7 Bd1 50.
Nc5 Be2 51. Ke3 Bc4 52. Kf3 Bf1 53. Kg4 Be2+ 54. Kxh4 {Rest geschenkt} 1-0
[/pgn]
[pgn]

[Event "Turnier 40 / 120"]
[Site "DESKTOP-NL3KVDB"]
[Date "2023.04.27"]
[Round "13"]
[White "Millenium Chess Genius Pro - 120 MHZ"]
[Black "Mephisto Phönix TM Vancouver - 36 MHZ"]
[Result "1/2-1/2"]
[BlackElo "2287"]
[WhiteElo "2284"]

1. e4 e5 2. Bc4 Nf6 3. d3 c6 {Buchende} 4. Bb3 d5 5. Nf3 Bb4+ {TM Vancouver
wieder im Buch} 6. c3 Bd6 7. Bg5 {Buchende} Qa5 8. Bxf6 {Buchbewertung
MCGP: +0,78} gxf6 {Buchende} 9. exd5 cxd5 {Buchbewertung TM Vancouver:
-0,12 / lt. Komodo ist die Stellung etwa gleich} 10. Nbd2 Rg8 11. O-O Nc6
12. Re1 {klar vorzuziehen ist c4 mit Ausgleich, Komodo -0,80} Bh3 13. Nh4
Bg4 14. Qc2 Be6 15. d4 e4 {klar vorzuziehen ist 0-0-0, der Textzug gibt
Weiss die Chance wieder auszugleichen mittels Sxe4} 16. Nxe4! {diese Chance
nützt MCGP und bewertet es genau wie Komodo mit 0,00} dxe4 17. Qxe4 O-O-O
18. d5 Bxd5 {besser ist Ld7 mit Ausgleich, Komodo -0,50} 19. Bxd5 Bxh2+ 20.
Kxh2 Qxd5 21. Qxd5 Rxd5 22. Rad1 Ra5 23. a3 Rh5 24. Kh3 Rd8 25. g3 Rb5 26.
Rxd8+ Kxd8 27. Rd1+ Kc7 28. b4 Ne5? {ein schwacher Zug, danach steht Weiss
bereits klar besser, Komodo -1,20, deutlich besser ist Te5 mit ca. -0,60}
29. a4 Rb6 30. Nf5 a6 31. Nd4 {vorzuziehen ist f4, Komodo +1,00} Rd6 32.
Rh1 {klar schwächer als a5, Komodo +0,50} Nc6 33. Nxc6 Rxc6 34. Kg2 Kd6 35.
Rxh7 Ke6 36. Rh4 Rxc3 {die Stellung ist Remis, Komodo 0,00} 37. Re4+ Kd6
38. a5 Rd3 39. Rc4 f5 40. Kf1 Rd2 41. Rh4 Ke7 42. Kg2 Rb2 43. Rc4 Kd6 44.
Kf3 Ke6 45. Rd4 Rb3+ 46. Kg2 Ke5 47. Rc4 Ke6 48. Rf4 Rd3 49. Kf1 Ke5 50.
Rc4 Rd4 51. Rc5+ Kd6 52. Rxf5 Ke6 53. Rf3 Rxb4 54. Kg2 Rb5 55. Ra3 Kf5 56.
Kf3 Kg5 57. Ke3 f5 {diese Stellung bietet keinerlei Angriffspunkte mehr für
keinen der beiden, Userentscheid: Remis} 1/2-1/2
[/pgn]
[pgn]